00389nam a2200145Ia 4500008004100000040001900041041001200060082002000072100002100092245004100113260002900154300001700183650002900200850001400229131103s9999 xx 000 0 und d aLoreto College aEnglish aREFbLCBED/7164 aCartwright, A.P. aThis is South AfricacA.P.Cartwright aCape townbPurnellc1967 a81p c 25cm. aGeography - South Africa aLCBED/REF